| 000 | 00457nam a22001937a 4500 | ||
|---|---|---|---|
| 003 | CEME | ||
| 005 | 20210628203214.0 | ||
| 008 | 210301b xxu||||| |||| 00| 0 eng d | ||
| 020 | _a0-471-12366-8 | ||
| 040 | _c. | ||
| 082 | _a515 SAL | ||
| 100 |
_aEtgen, Garret J _963965 |
||
| 245 | _aCalculus, several variables | ||
| 250 | _a7TH | ||
| 260 |
_aNEW YORK _bJOHN WILEY _c1995 |
||
| 300 | _aXLVI,1308P | ||
| 650 |
_aCALCULUS _922444 |
||
| 942 |
_cBK _2ddc |
||
| 999 |
_c572637 _d572637 |
||